Sports Quiz

Random Sports or NBA Quiz

NBA Top Scorers Who Didn't Make the Playoffs Quiz Stats

 Plays Quiz Updated Jul 5, 2017

Challenge
Share
Tweet
Embed
Score 0/114 Timer 10:00
1 Play Today
Hint Answer % Correct
2016-17Anthony Davis
96.8%
2015-16Anthony Davis
96.8%
1986-87Walter Davis
95.9%
1985-86Walter Davis
95.9%
2015-16Carmelo Anthony
95.5%
2013-14Carmelo Anthony
95.5%
2014-15Russell Westbrook
94.9%
2014-15Dwyane Wade
93.7%
2007-08Dwyane Wade
93.7%
2017-18Blake Griffin
93.5%
2016-17DeMarcus Cousins
93.5%
2015-16DeMarcus Cousins
93.5%
2014-15DeMarcus Cousins
93.5%
2013-14DeMarcus Cousins
93.5%
2012-13Kyrie Irving
87.4%
2016-17Karl-Anthony Towns
86.7%
2008-09Kevin Durant
84.7%
2004-05LeBron James
84.1%
2012-13Damian Lillard
84%
2017-18Kemba Walker
84%
2017-18Lou Williams
80%
2006-07Paul Pierce and Joe Johnson
78.3%
2013-14Kevin Love
76.3%
2011-12Kevin Love
76.3%
2004-05Kobe Bryant
74.9%
2005-06Paul Pierce
73.8%
2000-01Paul Pierce
73.8%
2005-06Allen Iverson
73.8%
2003-04Allen Iverson
73.8%
2012-13LaMarcus Aldridge
72.9%
2011-12LaMarcus Aldridge
72.9%
2006-07Ray Allen
67.8%
2005-06Ray Allen
67.8%
2003-04Ray Allen
67.8%
2002-03Ray Allen
67.8%
2001-02Ray Allen
67.8%
2010-11Blake Griffin
66.7%
2003-04Tracy McGrady
66.4%
Hint Answer % Correct
2000-01Tracy McGrady
66.4%
2010-11Monta Ellis
63%
2009-10Monta Ellis
63%
1984-85Eddie Johnson
60.1%
1992-93Shaquille O'Neal
57.4%
2001-02Michael Jordan
56.7%
2011-12Deron Williams
54.5%
2009-10Chris Bosh
52.7%
2007-08Michael Redd
50%
2006-07Michael Redd
50%
2004-05Michael Redd
50%
1995-96Chris Webber
49.9%
1989-90Jeff Malone
49.8%
1988-89Jeff Malone
49.8%
1993-94Dominique Wilkins
48.7%
1991-92Dominique Wilkins
48.7%
1989-90Dominique Wilkins
48.7%
1995-96Juwan Howard
46.7%
2009-10Danny Granger
45%
2008-09Danny Granger
45%
1998-99Gary Payton
44.2%
1991-92Charles Barkley
41.3%
1987-88Charles Barkley
41.3%
1992-93Chris Mullin
40%
1989-90Chris Mullin
40%
1997-98Glenn Robinson
36.4%
1999-00Antoine Walker
35.6%
1997-98Antoine Walker
35.6%
2010-11Kevin Martin
35.1%
2008-09Kevin Martin
35.1%
2007-08Kevin Martin
35.1%
1997-98Mitch Richmond
34%
1996-97Mitch Richmond
34%
1994-95Mitch Richmond
34%
1993-94Mitch Richmond
34%
1991-92Mitch Richmond
34%
1994-95Jim Jackson
33.9%
2000-01Jerry Stackhouse
32.7%
Hint Answer % Correct
1992-93Joe Dumars
31.4%
2002-03Allan Houston
30.9%
1993-94Alonzo Mourning
30.6%
1983-84George Gervin
30.4%
1990-91Bernard King
30%
1984-85Bernard King
30%
1983-84Adrian Dantley
29.8%
1982-83Adrian Dantley
29.8%
1981-82Adrian Dantley
29.8%
1980-81Adrian Dantley
29.8%
2002-03Antawn Jamison
26.1%
1999-00Stephon Marbury
26.1%
1996-97Glen Rice
26%
1999-00Michael Finley
26%
1996-97Latrell Sprewell
24.4%
1998-99Shareef Abdur-Rahim
24%
1995-96Jamal Mashburn
20.5%
1994-95Jamal Mashburn
20.5%
1998-99Keith Van Horn
15.2%
1986-87Larry Nance
14%
2001-02Cuttino Mobley
13.3%
1985-86World B. Free
11.4%
1982-83World B. Free
11.4%
1986-87Ron Harper
10.1%
1990-91Michael Adams
9.8%
1987-88Terry Cummings
8.1%
1982-83Joe Barry Carroll
6.8%
1988-89Chuck Person
6.3%
1987-88Reggie Theus
5.4%
1988-89Kelly Tripucka
5.3%
1990-91Orlando Woolridge
5%
1985-86Purvis Short
4.7%
1984-85Purvis Short
4.7%
1981-82Darrell Griffith
4.6%
1983-84Mike Mitchell
3.5%
1980-81Mike Mitchell
3.5%
1980-81John Drew
2.7%
1981-82Jay Vincent
1.4%

You're not logged in!

Compare scores with friends on all Sporcle quizzes.
Join for Free
OR
Log In

You Might Also Like...

Show Comments

Extras

Top Quizzes Today


Score Distribution

Your Account Isn't Verified!

In order to create a playlist on Sporcle, you need to verify the email address you used during registration. Go to your Sporcle Settings to finish the process.

Report this User

Report this user for behavior that violates our Community Guidelines.

Details: